000 00252nam a22001097a 4500
100 _aGhandhi,M.K.
245 _aAn autobiography: the story of Truth with my Experiments
250 _a2014
260 _bMahaveer Pub.
300 _a404
942 _2ddc
_cBK
999 _c12839
_d12839